|
|
|
|
| LEADER |
01012nam a2200265 a 4500 |
| 001 |
c000300071 |
| 003 |
CARM |
| 005 |
20061111041301.0 |
| 008 |
700911m19709999ne ach b 001 0beng |
| 015 |
|
|
|a Ne***
|
| 019 |
1 |
|
|a 216219
|5 LACONCORD2021
|
| 020 |
|
|
|z 720401631 (v. 1) :
|c 9.50 (v. 1)
|
| 035 |
|
|
|a (OCoLC)95810
|5 LACONCORD2021
|
| 082 |
0 |
0 |
|a 530
|
| 082 |
0 |
0 |
|a B
|
| 100 |
1 |
|
|a Klein, Martin J.
|
| 245 |
0 |
0 |
|a Paul Ehrenfest /
|c [by] Martin J. Klein.
|
| 260 |
|
|
|a Amsterdam :
|b North-Holland Pub. Co. ;
|a New York :
|b American Elsevier Pub. Co.,
|c [1970-
|
| 300 |
|
|
|a v. :
|b illus., facsims., ports ;
|c 23 cm.
|
| 504 |
|
|
|a Includes bibliographical references.
|
| 505 |
|
|
|a Contents: v. 1. The making of a theoretical physicist.
|
| 600 |
1 |
0 |
|a Ehrenfest, Paul,
|d 1880-1933.
|
| 852 |
8 |
|
|b CARM
|h A3:AD27B0
|i B11362
|p 0550244
|f BK
|
| 999 |
f |
f |
|i 5c8f9fae-9908-5157-9c89-e4fda4f15704
|s b46a3164-38b8-5b44-b617-631535970cd1
|
| 952 |
f |
f |
|p Can circulate
|a CAVAL
|b CAVAL
|c CAVAL
|d CARM 1 Store
|e B11362
|f A3:AD27B0
|h Other scheme
|i book
|m 0550244
|